Schemes of employee benefits - advantages and disadvantages from the employers' and employess' point of view
Schémy zamestnaneckých výhod. Historické aspekty penzijných plánov. Definované výhody (DB) verzus definované príspevky (DC) - plány z perspektívy zamestnávateľa a zamestnancov. Sumarizácia výhod a nevýhod DB a DC plánov pre zamestnávateľov a zamestnancov.
Na minha lista:
| Autor principal: | |
|---|---|
| Formato: | Capítulo de Livro |
| Idioma: | inglês |
| Assuntos: | |
| Tags: |
Sem tags, seja o primeiro a adicionar uma tag!
|
MARC
| LEADER | 00000nla$a2200000$$$4500 | ||
|---|---|---|---|
| 001 | 0117731 | ||
| 005 | 20240502072321.5 | ||
| 041 | 0 | |a eng | |
| 044 | |a SK | ||
| 245 | 1 | 0 | |a Schemes of employee benefits - advantages and disadvantages from the employers' and employess' point of view |c Lucia Števková |
| 520 | |a Schémy zamestnaneckých výhod. Historické aspekty penzijných plánov. Definované výhody (DB) verzus definované príspevky (DC) - plány z perspektívy zamestnávateľa a zamestnancov. Sumarizácia výhod a nevýhod DB a DC plánov pre zamestnávateľov a zamestnancov. | ||
| 610 | 2 | 0 | |a benefity |
| 610 | 2 | 0 | |a dôchodky |
| 610 | 2 | 0 | |a plán |
| 610 | 2 | 0 | |a zamestnávatelia |
| 610 | 2 | 0 | |a zamestnanci |
| 610 | 2 | 0 | |a história |
| 610 | 2 | 0 | |a IAS 19 |
| 100 | 1 | |a Števková, Lucia | |